00315nam a2200121Ia 4500008004100000040001800041041001200059082001800071100001500089245006900104260000900173300001100182230917s9999||||xx |||||||||||||| ||und|| e5006419aMAIN aEnglish a301.4443 A89H aAtul Kumar 0aHaryana mien badalate krshak sambandh ek samajashastriy adhyayan c2019 a219 p.